01063nam a2200277 a 450000100100000000500170001000800410002702000150006804000260008304100380010908200210014710000190016824000590018724501890024625000100043526000460044530000280049149000270051950400420054653400670058870000340065570000280068970000210071770000200073883000270075800002399620200930022629.0110118s2002 sp a 000 0 spa d a8449312647 aDO-SdBNPbspacBNPHHU17aspaheng2Código de idioma MARC aNNNbW699v, 20021 aWillems, Edgar10aLa valeur humaine de l'education musicale.lEspañol.10aEl valor humano de la educación musical /cWillems Edgar ; traducción de María Teresa Brutocao y Nicolás Luis Fabiani ; traduccion del prefacio Elisabet Cabeza, Jaques Chapuis. a3a ed aBarcelona, (España) :bPaidós,c2002. a230 p. :bil. ;c22 cm.1 aPaidós educadorv166 aIncluye bibliografía (p. [221]-225) aTítulo original:tLa valeur humaine de l'education musicale.1 aBrutocao, María Teresaetr.1 aFabiani, Nicolás Luis1 aCabeza, Elizabet1 aChapuis, Jaques 0aPaidós educadorv166